The transformation of agri-food systems : (Record no. 21085)

000 -LEADER
fixed length control field 00861cam a22002534a 4500
020 ## - INTERNATIONAL STANDARD BOOK NUMBER
ISBN 9781844075683 (hbk. : Earthscan)
020 ## - INTERNATIONAL STANDARD BOOK NUMBER
ISBN 1844075680 (hbk. : Earthscan)
020 ## - INTERNATIONAL STANDARD BOOK NUMBER
ISBN 9781844075690 (pbk. : Earthscan)
020 ## - INTERNATIONAL STANDARD BOOK NUMBER
ISBN 1844075699 (pbk. : Earthscan)
020 ## - INTERNATIONAL STANDARD BOOK NUMBER
ISBN 9789251059623 (pbk. : FAO)
020 ## - INTERNATIONAL STANDARD BOOK NUMBER
ISBN 9251059624 (pbk. : FAO)
040 ## - CATALOGING SOURCE
Transcribing agency DLC
082 00 - DEWEY DECIMAL CLASSIFICATION NUMBER
Classification number 338 THE 1996 C136 Or.
245 04 - TITLE STATEMENT
Title The transformation of agri-food systems :
Remainder of title globalization, supply chains and smallholder farmers /
300 ## - PHYSICAL DESCRIPTION
Number of Pages xxiii, 381 pages :
Other physical details illustrations ;
Dimensions 25 cm
650 #0 - SUBJECT ADDED ENTRY--TOPICAL TERM
Topical Term Food supply
650 #0 - SUBJECT ADDED ENTRY--TOPICAL TERM
Topical Term Farms, Small
650 #0 - SUBJECT ADDED ENTRY--TOPICAL TERM
Topical Term Food industry and trade
700 1# - ADDED ENTRY--PERSONAL NAME
Personal name McCullough, Ellen B.
700 1# - ADDED ENTRY--PERSONAL NAME
Personal name Pingali, Prabhu L.,
700 1# - ADDED ENTRY--PERSONAL NAME
Personal name Stamoulis, Kostas G.
710 2# - ADDED ENTRY--CORPORATE NAME
Corporate name or jurisdiction name as entry element Food and Agriculture Organization of the United Nations.
942 ## - ADDED ENTRY ELEMENTS (KOHA)
Koha item type ADB

No items available.

មជ្ឈមណ្ឌលឯការនៃសាកលវិទ្យាល័យភូមិន្ទកសិកម្មចំការដូង

Powered by Koha